000 00316nam a2200145Ia 4500
100 _aOsborne/Adme
490 _vI
942 _cBK
654 _aMicrocomputers
245 _aIntroductions To Microcomputers
260 _bMcGraw Hill
_aCailfornia
_c1986
082 _a621.3
_bOsb
546 _aENGLISH
999 _c31070
_d31070